000 01072nam a2200301 i 4500
003 EG-GICUC
005 20260204175310.0
008 260107s1965 ua |||fr|||| 00| 0 ara d
040 _a EG-GICUC
_bara
_c EG-GICUC
_d EG-GICUC
_erda
041 0 _aAra
082 0 4 _221
_a343.93
_bأ ح . س
092 0 4 _221
099 _aLaw1 10 343.93 أ ح . س 1965
100 0 _aأحمد فتحى بهنسى
_eمؤلف.
245 1 2 _aالسياسة الجنائية فى الشريعة الإسلامية /
_cتأليف أحمد فتحى بهنسى.
264 1 _aالقاهرة :
_bمكتبة دار العروبة،
_c1965.
300 _a266 صفحة؛
_c24 سم.
336 _2rda content
_atext
337 _2rda media
_aComputer
338 _2rda carrier
_aOnline Resource
546 _aالنص باللغة العربية
650 1 _aعلم السياسة الجنائية
_2qrmak
650 1 _aالقانون الجنائى
_2qrmak
651 1 _2qrmak
856 4 0 _uhttps://fll.law.cu.edu.eg/fulltext/bks/B10-07433.pdf
905 _a54
942 _2ddc
_cBK
_e21
_n0
999 _c55156
_d55156